| 000 | 01484nam1a2200313 i 4500 | ||
|---|---|---|---|
| 001 | RU\NLR\BIBL_A\022195517 | ||
| 005 | 20240922101412.0 | ||
| 010 |
_a9785903232970 _9300 |
||
| 035 | _a(NLR Aleph) 022195517 | ||
| 090 |
_a13027063 _c13027063 |
||
| 100 | _a20240412d2023 k y0rusy50 ca | ||
| 101 | 0 | _arus | |
| 102 | _aRU | ||
| 105 | _a||||z|||||||| | ||
| 181 | 0 |
_ai _baxxe |
|
| 182 | 0 | _an | |
| 200 | 1 |
_aМетрология гидроакустических измерений. Точная калибровка приемников подводного звука по свободному полю _e[сборник статей] _eв 2-х томах _fА. Е. Исаев |
|
| 203 |
_aТекст _bвизуальный _cнепосредственный |
||
| 210 |
_aМенделеево _cВНИИФТРИ _d2023 |
||
| 215 | _d24 | ||
| 327 | 1 | _aСодерж. ст. А. Е. Исаева, а также ст., написан. в сооавт. | |
| 606 | 1 |
_aГидроакустика _jСборники _xАппараты и приборы _xКалибровка _92588135 _3RU\NLR\AUTH\6601739679 |
|
| 606 | 1 |
_aГидроакустические измерения _jСборники _xМетрологическое обеспечение _92170848 _3RU\NLR\AUTH\6601542389 |
|
| 686 | 1 | _aЗ875-5-082.01я43 | |
| 700 | 1 |
_aИсаев _bА. Е. _gАлександр Евгеньевич |
|
| 852 |
_aNLR _j2024-7/2009 |
||
| 942 | _cBOOK | ||